Príprava nových typov vlákien na báze biodegradovateľných polymérov
Guardado en:
| Autor principal: | |
|---|---|
| Otros Autores: | |
| Formato: | Manuscrito Libro |
| Lenguaje: | eslovaco |
| Publicado: |
2015
|
| Materias: | |
| Acceso en línea: | http://is.stuba.sk/zp/portal_zp.pl?podrobnosti=113181 |
| Etiquetas: |
Sin Etiquetas, Sea el primero en etiquetar este registro!
|
MARC
| LEADER | 00000ntm a22000003a 4500 | ||
|---|---|---|---|
| 001 | stuzp52918 | ||
| 003 | SK-STU | ||
| 005 | 20160719154324.0 | ||
| 007 | ta | ||
| 008 | 150427s2015----xo-----f-mn---000-0-slo-d | ||
| 040 | |a STU |b slo | ||
| 041 | 0 | |a slo | |
| 100 | 1 | |a Fodreková, Lenka |u 049150 |4 aut |U FCHPT Ústav prírodných a syntetických polymérov |T FCHPT Oddelenie vlákien a textilu |X 68529 |U C9150 |Y 126 |7 68529 | |
| 242 | 0 | 1 | |a Preparation of new types of the biodegradable fibres based on biodegradable polymers |y eng |
| 245 | 1 | 0 | |a Príprava nových typov vlákien na báze biodegradovateľných polymérov |
| 260 | |c 2015 | ||
| 650 | 4 | |a kyselina polymliečna |2 slo | |
| 650 | 4 | |a polyhydroxybutyrát |2 slo | |
| 650 | 4 | |a biodegradovateľné vlákna |2 slo | |
| 650 | 4 | |a biodegradable fibers |2 eng | |
| 650 | 4 | |a polylactid acid |2 eng | |
| 650 | 4 | |a polyhydroxybutyrate |2 eng | |
| 700 | 1 | |a Ryba, Jozef, |d 1978- |4 ths |X 10013 |7 A000010013 | |
| 856 | 4 | |u http://is.stuba.sk/zp/portal_zp.pl?podrobnosti=113181 | |
| SQL | |a stuzp52918 |b DDP |c SLO |d Príprava nových typov vlákien na báze biodegradovateľných polymérov |e 68529 |f Fodreková, Lenka |g 049150 |h 10013 |i Ryba, Jozef |j 20150610 |k 542 |l 04 |m http://is.stuba.sk/zp/portal_zp.pl?podrobnosti=113181 |n I-PSP |o 5.2.18. chemické technológie | ||